| 000 | 01232nam a22003617a 4500 | ||
|---|---|---|---|
| 001 | 2616275 | ||
| 003 | OSt | ||
| 005 | 20210421060020.0 | ||
| 008 | 981005s1999 nyu 000 1 eng | ||
| 010 | _a 98033261 | ||
| 020 | _a0399144471 (acidfree paper) | ||
| 040 |
_aeng _cDLC _dOCoLC _deng _beng |
||
| 041 | _aeng | ||
| 050 | 0 | 0 |
_aPS3563.A6623 _bF35 1999 |
| 080 |
_a821.111 _bM-31 |
||
| 082 | 0 | 0 |
_a813/.54 _221 |
| 100 | 1 | _aMark, Andrew. | |
| 245 | 1 | 0 |
_aFalling bodies / _cAndrew Mark. |
| 260 |
_aNew York : _bG.P. Putnam's Sons, _cc1999. |
||
| 300 |
_a259 p. ; _c22 cm. |
||
| 650 | 0 |
_aGrief _vFiction. |
|
| 650 | 0 |
_aEnglish literature _9247 |
|
| 650 | 0 |
_aMen _xPsychology _vFiction. |
|
| 650 | 0 |
_aLoss (Psychology) _vFiction. |
|
| 650 | 0 |
_aLove _xTherapeutic use _vFiction. |
|
| 650 | 0 |
_aInterpersonal relations _vFiction. |
|
| 653 | _aინგლისური ლიტერატურა | ||
| 655 | 7 |
_aPsychological fiction. _2lcsh |
|
| 906 |
_a7 _bcbc _corignew _d1 _eocip _f19 _gy-gencatlg |
||
| 942 |
_2udc _cBK |
||
| 999 |
_c620 _d620 |
||